000 00223nam a22000857a 4500
008 170617b xxu||||| |||| 00| 0 eng d
100 _93495
_aKumar. K
245 _aThe child language hand book
260 _aNew Delhi
_bN. B. T
_c2006
999 _c6878
_d6878